[Event "North American op 32nd"]
[Site "Las Vegas"]
[Date "2022.12.28"]
[Round "6"]
[White "Jin, Jerry"]
[Black "Guo, Ethan"]
[Result "0-1"]
[WhiteElo "1709"]
[BlackElo "1892"]
[PlyCount "72"]
[EventDate "2022.12.26"]
[EventType "swiss"]
[EventRounds "9"]
[EventCountry "USA"]
[SourceTitle "CBM 211 Extra"]
[Source "ChessBase"]
[SourceDate "2023.01.31"]
[SourceVersion "1"]
[SourceVersionDate "2023.01.31"]
[SourceQuality "1"]

1. e4 c5 2. Nf3 d6 3. d4 cxd4 4. Nxd4 Nf6 5. Nc3 a6 6. Bd3 e6 7. 0-0 Be7 8. Be3 0-0 9. f4 Qc7 10. Qf3 Nbd7 11. f5 e5 12. Nde2 b5 13. Ng3 Bb7 14. Nh5 Nxh5 15. Qxh5 Nf6 16. Qf3 b4 17. Ne2 d5 18. Ng3 Rac8 19. exd5 Bxd5 20. Ne4 Nxe4 21. Bxe4 Bxe4 22. Qxe4 Qxc2 23. Qxe5 Bf6 24. Qa5 Qxb2 25. Rab1 Qe2 26. Bf2 Bc3 27. Rbc1 Rcd8 28. Bb6 Rd2 29. Rf2 Qd3 30. Qc5 Rxf2 31. Qxf2 Re8 32. Qf1 Qd2 33. Qd1 Qxa2 34. Qd7 Qe2 35. Bd4 h6 36. Qa7 Qd2 0-1